000 01215nam a2200325 i 4500
001 5625
003 ES-MaACL
005 20251009145722.0
007 t|
008 890410s1989 sp ||||1|bspa d
020 _a84-7506-249-0
080 _a86-6"1759/1763"
080 _a92 Carlos(46)III
080 _a92 Tanucci, Bernardo, Marques de
080 _a9(46)"1759/1763"
100 0 _aCarlos
_bIII,
_cRey de España
_935305
245 1 0 _aCartas a Tanucci (1759-1763) /
_cCarlos III ; prólogo Gonzalo Anes ; introducción, transcripción y notas Maximiliano Barrio.
250 _aEd. especial.
260 _aMadrid :
_bBanco Bilbao Vizcaya,
_c1988.
300 _aXXXI, 470 p. :
_b[16] h. de lam. ;
_c25 cm.
500 _aBibliografia. Indice.
600 0 4 _aCarlos
_bIII,
_cRey de España-
_xCorrespondencia
_935306
600 0 4 _aTanucci, Bernardo,
_cMarqués de-
_xCorrespondencia
_9109214
651 4 _aEspaña-
_xHistoria-
_y1759-1788, Carlos III.
_98240
700 1 _aAnes, Gonzalo,
_d1931-2014
_921689
700 0 _aBarrio Gozalo, Maximiliano.
_926005
700 _aTanucci, Bernardo,
_cMarques de
_9194856
852 _aES-MaACL
_jL-12473
_bR.116247
_z. - tela
999 _c5625
_d5625